000 00303 a2200133 4500
001 151457
040 _cEscola São Tomás de Aquino
100 _aSALLES, Ruth
240 1 0 _aPara toda criança
_lpor
245 1 0 _aPara toda criança
440 1 _aÁtica
697 _a*LITERATURA INFANTO
942 _cBK
999 _c151457
_d151457